Statistiques concernant Quiz sur l'Australie

Cliquez ici pour prendre le quiz!

Statistiques générales

  • Ce quiz a été pris 6 210 fois
  • Le résultat moyen est 12 sur 20

Statistiques - réponses

QuestionRéponse% Correct
Deux plus grandes villesSydney
99%
CapitaleCanberra
97%
Animal national, qui se déplace la plupart du temps en bondissantKangourou
86%
Plus grand récif coralien du monde, situé au nord-est de l'AustralieGrande {Barrière} de Corail
83%
Deux plus grandes villesMelbourne
78%
Plus grande île (à part l'Australie elle-même)Tasmanie
75%
Animal endémique de l'Australie, parfois appelé « paresseux australien »Koala
70%
Arme de chasse utilisée par ceux-ci, conçue pour revenir à son lanceurBoomerang
67%
Roi de l'Australie, de jureCharles III
64%
Pays le plus proche, qui a acquis son indépendance de l'Australie en 1975Papouasie-Nouvelle-Guinée
60%
État où se trouve BrisbaneQ{ueensland}
60%
Premier état d'Australie, qui était dans un premier temps une colonie pénaleNouvelle-{Galles} du Sud
53%
Terme souvent préféré à « indigènes » pour désigner les autochtones australiensAborigènes
51%
Oiseau national, contre lequel l'Australie a perdu une guerre en 1932Émeu
45%
Mammifère ovipare endémique de l'Australie dont le nom signifie « à bec d'oiseau »Ornithorynque
42%
Nom du continent jusqu'en 1824, qui avait été donné par les néerlandaisNouvelle-{Hollande}
35%
Formation rocheuse sacrée et attraction touristique emblématique
de l'Australie, son ascension est interdite depuis 2019
Uluru / Ayers Rock
35%
Arrière-pays aride et désert, situé au-delà du « Bush »Outback
23%
Marque de pâte à tartiner très populaire en AustralieV{egemite}
23%
Hymne nationalAdvance Australia {Fair}
10%

Distribution des résultats

Percentile par nombre de réponses

% des personnes avec chaque résultat

Votre développement - résultats

Vous n’avez pas pris ce quiz